| 000 | 00552nam a22001817a 4500 | ||
|---|---|---|---|
| 005 | 20231124070718.0 | ||
| 008 | 231124b |||||||| |||| 00| 0 eng d | ||
| 020 | _a0198761589 ; 0198761597 | ||
| 041 | _aEnglish | ||
| 082 | _a341 BAS | ||
| 100 | _lEnglish | ||
| 245 |
_aBasic Documents in International Law / _cedited by I Brownlie |
||
| 250 | _aThird Edition | ||
| 260 |
_aNew York : _bOxford University Press, _c1983 |
||
| 300 |
_bxi, 406 pages ; _c21 cm. |
||
| 650 |
_aLegal practice _bLaw |
||
| 942 |
_cBK _6ALISON_BN_VRIES |
||
| 999 |
_c925 _d925 |
||